000 00334cam a22001217a 4500
008 180718b1979 xxu||||| |||| 00| 0 eng d
082 _aL1 Sa79
100 _aSastry, K.S.
245 _aPerformance budgeting for planned development
_cby K.S. Sastry
260 _aDelhi
_bRadiant
_c1979
300 _a220p.
650 _aBudget - procedure
999 _c353614
_d353614